The Masters - Holes - Statistics

General Stats
  • This quiz has been taken 99 times
  • The average score is 9 of 18
Answer Stats
Hole # Answer % Correct
13 Azalea
75%
5 Magnolia
69%
2 Pink Dogwood
64%
1 Tea Olive
64%
15 Firethorn
58%
3 Flowering Peach
56%
12 Golden Bell
56%
4 Flowering Crab Apple
53%
16 Redbud
53%
11 White Dogwood
53%
14 Chinese Fir
47%
18 Holly
44%
6 Juniper
42%
9 Carolina Cherry
39%
8 Yellow Jasmine
39%
10 Camellia
36%
17 Nandina
36%
7 Pampas
33%
No matching quizzes found
Score Distribution
Percent of People with Each Score
Percentile by Number Answered
Your Score History
You have not taken this quiz